000 00873nam a2200229Ia 4500
003 GCL
008 140319s9999 xx 000 0 ara d
020 _a0071367977
040 _aGCL /
_cGCL
082 0 4 _a923.2
_bم ش
245 1 0 _aاحمد ياسين شهيد فلسطين :
_bشهادات من وحى الشهادة باقلام مجموعة من العلماء والمفكرين والادباء والكتاب
250 _aالاولى
260 _aالقاهرة :
_bمركز الاعلام العربى ،
_c2004
300 _a352 ص ؛
_c24 سم
490 _aسلسلة دراسات فلسطينية
_v3
650 0 4 _aالمقاومة الفلسطينية
650 0 4 _aاحمد ياسين - اغتيال
650 0 4 _aاحمد ياسين - تراجم
650 0 4 _aاحمد ياسين - اشعار
650 0 4 _aحركة حماس
942 _2ddc
_cBK
999 _c8913
_d8913